<?xml version="1.0" encoding="UTF-8"?>
<record
    xmlns:xsi="http://www.w3.org/2001/XMLSchema-instance"
    xsi:schemaLocation="http://www.loc.gov/MARC21/slim http://www.loc.gov/standards/marcxml/schema/MARC21slim.xsd"
    xmlns="http://www.loc.gov/MARC21/slim">

  <leader>00355    a2200109   4500</leader>
  <controlfield tag="001">ART_17310</controlfield>
  <controlfield tag="005">20260410161819.0</controlfield>
  <controlfield tag="008">260409a                                 </controlfield>
  <datafield tag="245" ind1="1" ind2="0">
    <subfield code="a">Ser asesor fiscal no implica ser part&#xED;cipe de un delito</subfield>
  </datafield>
  <datafield tag="100" ind1="1" ind2=" ">
    <subfield code="a">Robiglio, Carolina L.</subfield>
  </datafield>
  <datafield tag="773" ind1="0" ind2=" ">
    <subfield code="t">Doctrina Penal Tributaria y Econ&#xF3;mica</subfield>
    <subfield code="g">- N&#xBA; 2 (jul. 2007)</subfield>
    <subfield code="w">REV4317</subfield>
  </datafield>
  <datafield tag="999" ind1=" " ind2=" ">
    <subfield code="c">22159</subfield>
    <subfield code="d">22159</subfield>
  </datafield>
</record>
